| 000 | 00640nam a2200205Ia 4500 | ||
|---|---|---|---|
| 003 | GCL | ||
| 008 | 140319s9999 xx 000 0 ara d | ||
| 040 |
_aGCL / _cGCL |
||
| 082 | 0 | 4 |
_a193 _bف م |
| 100 | 1 | _aفالح عبدالجبار | |
| 245 | 1 | 0 |
_aالمقدمات الكلاسكية لمفهوم الاغتراب / _cفالح عبدالجبار |
| 260 |
_a[S.N] : _bمؤسسة عيبال للدراسات والنشر ، _c1991 |
||
| 300 | _a97 ص | ||
| 490 | _a | ||
| 650 | 0 | 4 | _aالفلسفة |
| 650 | 0 | 4 | _aهيجل |
| 650 | 0 | 4 | _aالفلسفة الغربية |
| 650 | 0 | 4 | _aالفلسفة الالمانية |
| 942 |
_2ddc _cBK |
||
| 999 |
_c32139 _d32139 |
||